Human Resource Management In Practice : (Record no. 351952)

000 -LEADER
fixed length control field 00585nam a22001937a 4500
003 - CONTROL NUMBER IDENTIFIER
control field OSt
005 - DATE AND TIME OF LATEST TRANSACTION
control field 20180116183100.0
008 - FIXED-LENGTH DATA ELEMENTS--GENERAL INFORMATION
fixed length control field 161202b xxu||||| |||| 00| 0 eng d
020 ## - INTERNATIONAL STANDARD BOOK NUMBER
International Standard Book Number 9788120324275
040 ## - CATALOGING SOURCE
Transcribing agency 0
082 ## - DEWEY DECIMAL CLASSIFICATION NUMBER
Classification number 658.3 KAN 2003
100 ## - MAIN ENTRY--PERSONAL NAME
Personal name Kandula,Srinivas R.
245 ## - TITLE STATEMENT
Title Human Resource Management In Practice :
Remainder of title With 300 Models,Techniques and Tools
260 ## - PUBLICATION, DISTRIBUTION, ETC.
Place of publication, distribution, etc. Delhi
Name of publisher, distributor, etc. PHI Learning Private Limited
Date of publication, distribution, etc. 2003
300 ## - PHYSICAL DESCRIPTION
Extent 384p.
Other physical details PB.
440 ## - SERIES STATEMENT/ADDED ENTRY--TITLE
Title Human Resource Management In Practice :With 300 Models,Techniques and Tools
500 ## - GENERAL NOTE
General note PB.
942 ## - ADDED ENTRY ELEMENTS (KOHA)
Source of classification or shelving scheme
Koha item type Book
Holdings
Withdrawn status Lost status Source of classification or shelving scheme Damaged status Not for loan Collection code Permanent Location Current Location Shelving location Date acquired Total Checkouts Full call number Barcode Date last seen Date last checked out Price effective from Koha item type
            Central Library (CL) Central Library (CL) General Stacks 12/02/2016 1 658.3 KAN 2003 NBS10249 12/05/2016 12/05/2016 12/02/2016 Book
© 2023 Central Library, National University of Sciences and Technology. All Rights Reserved.